| 000 | 00459nam a2200169 i 4500 | ||
|---|---|---|---|
| 001 | 90985 | ||
| 003 | ES-MaACL | ||
| 005 | 20250626063146.0 | ||
| 007 | t| | ||
| 008 | 050126s1922 sp ||||1| spa d | ||
| 100 | 1 |
_aLeón, Ricardo, _d1877-1943 _971597 |
|
| 245 | 1 | 0 |
_aAmor de caridad _b: novela / _cRicardo León. |
| 260 |
_aMadrid : _bRenacimiento, _c1922. |
||
| 300 |
_a274 p. ; _c19 cm. |
||
| 852 |
_aES-MaACL _jB-4052 |
||
| 999 |
_c90985 _d90985 |
||